000 00685nam a2200217Ia 4500
005 20250326144549.0
008 250326s9999 xx 000 0 und d
020 _a978-0-8020-3455-7
037 _aTextbook
040 _aFMSL
_beng
_cFMSL
041 _aeng
_2eng
084 _aSN1w N7
_qFMSL
100 _aDoran Robert M
_9749898
245 0 _aInsight : collected works of bernard lonergan; ollected works of bernard lonergan
_cDoran Robert M; Crowe Fredrick E
260 _aNew Delhi
_bNew Delhi, LOON UNIVERSITY OF TORONTO PRESS
_c1997
300 _axxvi,875
365 _b2023.068
650 _aPsychology
942 _cTB
_hSN1w N7
999 _c1304179
_d1304179